000 00465nam a2200169Ia 4500
008 220204s9999 xx 000 0 und d
082 _aNR:338.43.01
_bJAC;4
100 _aJacob, C K
245 0 _aTowards inclusive rubber development
260 _aKottayam
_bRubber Board
_c2009
650 _aAgriculture extension
650 _aBee keeping
650 _aRubber clones
650 _aRubber plantation industry
650 _aRubber smallholdings
942 _cREF
999 _c44351
_d44351